000 01326 a2200265 4500
003 Nust
005 20220729123219.0
010 _a 2011011060
020 _a0073383090
020 _a9780073383095
040 _cNust
082 0 0 _a511,ROS
100 1 _aRosen, Kenneth H.
_917956
245 1 0 _aDiscrete Mathematics and its Applications /
_cKenneth H. Rosen.
250 _a7th ed.
260 _aNew York :
_bMcGraw-Hill,
_cc2012.
300 _a1 v. (various pagings) :
_bill. ;
_c28 cm.
505 _aThe Foundations: Logic and Proof (Page-1), Basic Structures: Sets, Function, Sequence and Sum (Page-121), The Fundamentals, Algorithms, the Integers and Matrices (Page-183), Induction and Recursion (Page-273), Counting (Page-335), Advanced Counting Techniques (Page-391), Relations (Page-459), Graphs (Page-527), Trees (Page-623), Boolean, Algebra (Page-687), Modeling Computation (Page-781).
650 0 _aComputer science
_xMathematics.
_917957
650 0 _aMathematics.
856 4 2 _3Contributor biographical information
_uhttp://www.loc.gov/catdir/enhancements/fy1110/2011011060-b.html
856 4 2 _3Publisher description
_uhttp://www.loc.gov/catdir/enhancements/fy1110/2011011060-d.html
856 4 2 _3Table of contents only
_uhttp://www.loc.gov/catdir/enhancements/fy1113/2011011060-t.html
942 _2ddc
_cREF
999 _c218145
_d218145